000 004360000a22001690004500
003 MACL
005 20160106173831.0
008 160106b xxu||||| |||| 00| 0 eng d
040 _aMACL
_cMACL
041 _aEnglish
082 _a900/WIS
100 _aWiseman, William
_929076
245 _aThe Intimate Papers of Colonel House
260 _bErnest Benn Limited
_aLondon
_c1928
650 _aHistory
_929077
942 _cBK
_k900/Wil
_2ddc
999 _c34968
_d34968